[Event "Ogolnopolski Turniej Fianchetto"]
[Site "Jastrzebia Gora"]
[Date "2015.??.??"]
[Round "1.2"]
[White "Bakalarz, Leszek"]
[Black "Grabczynski, Zdzislaw"]
[Result "1-0"]
[WhiteElo "2124"]
[BlackElo "1659"]
[PlyCount "57"]
[EventDate "2015.??.??"]

1. e4 d6 2. d4 Nf6 3. Nc3 g6 4. Nf3 Bg7 5. Be2 c6 6. a4 O-O 7. O-O Nbd7 8. h3
c5 9. d5 a6 10. Be3 Kh8 11. Nd2 Qc7 12. f4 e5 13. f5 Ng8 14. Qe1 Qd8 15. Qg3
Rb8 16. h4 Ne7 17. h5 gxh5 18. Kf2 Nf6 19. Rh1 Rg8 20. Qh4 Bxf5 21. exf5 Nxf5
22. Qh3 Nxe3 23. Qxe3 b5 24. axb5 axb5 25. Bxh5 b4 26. Nce4 Nxd5 27. Qd3 Nf4
28. Qxd6 Bf8 29. Qxe5+ 1-0

[Event "Ogolnopolski Turniej Fianchetto"]
[Site "Jastrzebia Gora"]
[Date "2015.??.??"]
[Round "1.3"]
[White "Radwan, Jan"]
[Black "Mackowiak, Marek"]
[Result "0-1"]
[WhiteElo "1592"]
[BlackElo "2123"]
[PlyCount "78"]
[EventDate "2015.??.??"]

1. b4 e5 2. Bb2 Nf6 3. c4 Bxb4 4. Bxe5 Nc6 5. Bb2 O-O 6. e3 Re8 7. Nf3 d6 8. a3
Ba5 9. Be2 Ne5 10. Nc3 Be6 11. Qb3 c6 12. Nd4 Bg4 13. f3 Bd7 14. O-O a6 15. f4
Ng6 16. Qc2 Bb6 17. Nd1 Qc8 18. Nf2 c5 19. Nf3 Nxf4 20. Bd3 Nxd3 21. Qxd3 Bf5
22. Qc3 Bd8 23. h3 Qe6 24. Nh4 Bg6 25. Nxg6 fxg6 26. Ng4 Rf8 27. Rf3 h5 28.
Nxf6+ Bxf6 29. d4 Rac8 30. Qd3 cxd4 31. exd4 Qxc4 32. Qxg6 Bxd4+ 33. Kh1 Bxb2
34. Raf1 Qxf1+ 35. Rxf1 Rxf1+ 36. Kh2 Be5+ 37. g3 Rcf8 38. h4 R1f3 39. Qxh5
Rxg3 0-1

[Event "Ogolnopolski Turniej Fianchetto"]
[Site "Jastrzebia Gora"]
[Date "2015.??.??"]
[Round "1.4"]
[White "Pioch, Zygmunt"]
[Black "Piasecki, Stanislaw"]
[Result "1-0"]
[WhiteElo "2057"]
[BlackElo "1589"]
[PlyCount "47"]
[EventDate "2015.??.??"]

1. e4 c6 2. d4 d5 3. e5 Bf5 4. Be3 e6 5. Nd2 Nd7 6. f4 h6 7. Ngf3 c5 8. c3 a6
9. a4 f6 10. a5 Qc7 11. Nh4 Ne7 12. Nxf5 exf5 13. e6 Nb8 14. Nb3 c4 15. Nc5 h5
16. Be2 g6 17. O-O Nec6 18. Bf3 Ne7 19. b4 Nbc6 20. Qe1 Bg7 21. Qh4 O-O 22.
Bxh5 gxh5 23. Qxh5 Rfd8 24. Qf7+ 1-0

[Event "Ogolnopolski Turniej Fianchetto"]
[Site "Jastrzebia Gora"]
[Date "2015.??.??"]
[Round "1.5"]
[White "Woda, Janusz"]
[Black "Pojedziniec, Wladyslaw"]
[Result "0-1"]
[WhiteElo "1588"]
[BlackElo "2048"]
[PlyCount "116"]
[EventDate "2015.??.??"]

1. b4 e5 2. Bb2 f6 3. b5 d5 4. e3 Be6 5. c4 Ne7 6. cxd5 Nxd5 7. Nc3 Nd7 8. Nf3
Bb4 9. Be2 Nxc3 10. dxc3 Be7 11. O-O O-O 12. Qc2 Nc5 13. Nd2 Qe8 14. Ba3 c6 15.
Bxc5 Bxc5 16. a4 Qf7 17. c4 Rac8 18. Qb2 Rfd8 19. Rfc1 a5 20. Ne4 Bb4 21. c5
Rc7 22. Rd1 Rcd7 23. Rxd7 Rxd7 24. Rc1 Qe7 25. g4 Bd5 26. Bc4 Kf8 27. Bxd5 cxd5
28. c6 bxc6 29. bxc6 Rd8 30. c7 Rc8 31. Ng3 Rxc7 32. Rxc7 Qxc7 33. Qb1 g6 34.
h4 Qc4 35. Qd1 Kg7 36. Kg2 Bc5 37. g5 Be7 38. gxf6+ Bxf6 39. h5 d4 40. hxg6
hxg6 41. Qg4 Qc6+ 42. e4 Kf7 43. Qd1 Bg5 44. Qb3+ Kg7 45. Qb8 Bf4 46. Qb5 Qc7
47. Ne2 Bd2 48. Qd5 Bb4 49. f4 Bd6 50. fxe5 Bxe5 51. Nxd4 Qd6 52. Qxd6 Bxd6 53.
Kf3 Kf6 54. Nc6 Bc7 55. Kg4 Ke6 56. Kf3 Kd6 57. Nd4 Bb6 58. Nb5+ Kc5 0-1

[Event "Ogolnopolski Turniej Fianchetto"]
[Site "Jastrzebia Gora"]
[Date "2015.??.??"]
[Round "1.6"]
[White "Chojnowski, Marcin"]
[Black "Fojcik, Krzysztof"]
[Result "1-0"]
[WhiteElo "2033"]
[BlackElo "1582"]
[PlyCount "51"]
[EventDate "2015.??.??"]

1. e4 e6 2. d4 d5 3. Nd2 dxe4 4. Nxe4 Nd7 5. Nf3 Ngf6 6. Bd3 b6 7. O-O Be7 8.
Qe2 Bb7 9. c3 O-O 10. Bf4 Nxe4 11. Bxe4 Bxe4 12. Qxe4 Nf6 13. Qe2 Nd5 14. Bg3
Bd6 15. c4 Nf4 16. Bxf4 Bxf4 17. Rad1 Qf6 18. b4 Bd6 19. c5 Be7 20. Ne5 Rfd8
21. Nc6 Rd5 22. Qa6 bxc5 23. dxc5 Rxd1 24. Rxd1 Re8 25. Qxa7 Kf8 26. Qxc7 1-0

[Event "Ogolnopolski Turniej Fianchetto"]
[Site "Jastrzebia Gora"]
[Date "2015.??.??"]
[Round "1.7"]
[White "Zelajtys, Jozef"]
[Black "Wojcieszyn, Zdzislaw"]
[Result "0-1"]
[WhiteElo "1581"]
[BlackElo "1982"]
[PlyCount "60"]
[EventDate "2015.??.??"]

1. e4 c5 2. g3 Nc6 3. Bg2 g6 4. Ne2 Bg7 5. O-O Nf6 6. c3 d5 7. exd5 Nxd5 8. d4
cxd4 9. Nxd4 Nxd4 10. cxd4 O-O 11. Nc3 Nb6 12. Be3 Nc4 13. Qe2 Nd6 14. Rad1 Be6
15. d5 Bf5 16. Rfe1 Qd7 17. Bd4 Bxd4 18. Rxd4 Rfe8 19. Qd2 f6 20. g4 Bxg4 21.
Qf4 Bf5 22. h4 Kg7 23. Re3 Rac8 24. Bf1 b5 25. b3 a5 26. Ne2 b4 27. Ng3 Rc3 28.
Bd3 Bxd3 29. Rdxd3 Rec8 30. Kg2 Rc2 {...61} 0-1

[Event "Ogolnopolski Turniej Fianchetto"]
[Site "Jastrzebia Gora"]
[Date "2015.??.??"]
[Round "1.8"]
[White "Matuszczyk, Krystian"]
[Black "Krzystala, Henryk"]
[Result "0-1"]
[WhiteElo "1970"]
[BlackElo "1575"]
[PlyCount "83"]
[EventDate "2015.??.??"]

1. e4 e6 2. d4 d5 3. exd5 Qxd5 4. c4 Bb4+ 5. Bd2 Bxd2+ 6. Qxd2 Qe4+ 7. Ne2 Nf6
8. Nbc3 Qc6 9. d5 Qxc4 10. Nd4 Qc5 11. Bb5+ c6 12. dxc6 bxc6 13. Be2 O-O 14.
Rc1 Qd6 15. O-O Ba6 16. Rfd1 Bxe2 17. Qxe2 Qf4 18. g3 Qg4 19. Qf1 a6 20. Nce2
Qe4 21. f3 Qe3+ 22. Kh1 Nd5 23. Qg1 Qxg1+ 24. Kxg1 Rc8 25. a3 c5 26. Nb3 Nd7
27. Na5 Ne5 28. Kf2 c4 29. Rb1 Rab8 30. Nc1 Rb5 31. b4 cxb3 32. Ncxb3 Rc2+ 33.
Rd2 Rc8 34. a4 Rb4 35. Ra1 g6 36. h3 Kg7 37. f4 Nd7 38. Nd4 N7f6 39. Re1 Rxa4
40. Nac6 Nc3 41. Kg2 Nce4 42. Rde2 0-1

[Event "Ogolnopolski Turniej Fianchetto"]
[Site "Jastrzebia Gora"]
[Date "2015.??.??"]
[Round "1.9"]
[White "Kondrusik, Aleksander"]
[Black "Zminda, Bogdan"]
[Result "0-1"]
[WhiteElo "1554"]
[BlackElo "1944"]
[PlyCount "52"]
[EventDate "2015.??.??"]

1. e4 c5 2. Nc3 Nc6 3. g3 g6 4. Bg2 Bg7 5. d3 Rb8 6. Be3 d6 7. Nh3 b5 8. Qd2 b4
9. Nd1 Nd4 10. O-O e5 11. f4 Bg4 12. Kh1 h5 13. f5 gxf5 14. Bxd4 cxd4 15. exf5
h4 16. Nhf2 Bxd1 17. Raxd1 hxg3 18. Ne4 Rxh2+ 19. Kg1 Bh6 20. Qe1 Be3+ 21. Rf2
gxf2+ 22. Nxf2 Qh4 23. Qe2 Nf6 24. Kf1 Ke7 25. Qf3 Qxf2+ 26. Qxf2 Bxf2 0-1

[Event "Ogolnopolski Turniej Fianchetto"]
[Site "Jastrzebia Gora"]
[Date "2015.??.??"]
[Round "1.10"]
[White "Winiarski, Kazimierz"]
[Black "Grobelna, Ewa"]
[Result "1-0"]
[WhiteElo "1934"]
[BlackElo "1533"]
[PlyCount "71"]
[EventDate "2015.??.??"]

1. e4 e5 2. Nf3 Nc6 3. d4 exd4 4. Bc4 h6 5. Nxd4 d6 6. O-O Nf6 7. Nxc6 bxc6 8.
e5 d5 9. exf6 Qxf6 10. Bd3 Bd6 11. Re1+ Be6 12. Qf3 Qh4 13. g3 Qh3 14. Nc3 O-O
15. Bf1 Qf5 16. Qxf5 Bxf5 17. Bd3 Bg4 18. Kg2 Rae8 19. Bd2 Kh8 20. Rxe8 Rxe8
21. Re1 Rxe1 22. Bxe1 Be6 23. f4 Bg4 24. Bf2 a5 25. f5 f6 26. h3 Bh5 27. g4 Bf7
28. Bg3 Bxg3 29. Kxg3 d4 30. Ne2 c5 31. b3 Bd5 32. Nf4 Bg8 33. Bc4 c6 34. Ne6
Bxe6 35. fxe6 Kg8 36. e7+ 1-0

[Event "Ogolnopolski Turniej Fianchetto"]
[Site "Jastrzebia Gora"]
[Date "2015.??.??"]
[Round "1.11"]
[White "Mackowiak, Bogusz"]
[Black "Miozga, Tomasz"]
[Result "0-1"]
[WhiteElo "1435"]
[BlackElo "1926"]
[PlyCount "58"]
[EventDate "2015.??.??"]

1. c4 e5 2. Nf3 Nc6 3. g3 f5 4. d3 Nf6 5. Bg2 Bc5 6. a3 a5 7. O-O d6 8. Nc3 h6
9. b3 O-O 10. Bb2 e4 11. dxe4 fxe4 12. Ne1 Bf5 13. e3 Ne5 14. Nb5 Bg4 15. Qd2
Nf3+ 16. Bxf3 exf3 17. Qd1 c6 18. Nd4 Qe8 19. a4 Qh5 20. h4 g5 21. Ndxf3 Ne4
22. Kg2 gxh4 23. Rh1 h3+ 24. Kh2 Bxf3 25. Nxf3 Rxf3 26. Rf1 Raf8 27. Qd3 Rxf2+
28. Kh1 Qf3+ 29. Kg1 h2# 0-1

[Event "Ogolnopolski Turniej Fianchetto"]
[Site "Jastrzebia Gora"]
[Date "2015.??.??"]
[Round "1.12"]
[White "Zarow, Andrzej"]
[Black "Karamucki, Henryk"]
[Result "1-0"]
[WhiteElo "1906"]
[BlackElo "1422"]
[PlyCount "45"]
[EventDate "2015.??.??"]

1. b3 d5 2. Bb2 Nc6 3. e3 e5 4. Nf3 Bd6 5. c4 Nge7 6. Nc3 dxc4 7. bxc4 O-O 8.
Ne4 b6 9. d4 Bb4+ 10. Ned2 Ng6 11. d5 Na5 12. Nxe5 Nxe5 13. Bxe5 Re8 14. Bb2
Ba6 15. Rc1 Qd6 16. Bd3 c5 17. O-O Bxd2 18. Qxd2 Qh6 19. f4 Rad8 20. Rf3 Qd6
21. Rg3 f6 22. Qe2 Qf8 23. Qh5 1-0

[Event "Ogolnopolski Turniej Fianchetto"]
[Site "Jastrzebia Gora"]
[Date "2015.??.??"]
[Round "1.13"]
[White "Kopij, Jozef"]
[Black "Zarow, Zdzislaw"]
[Result "0-1"]
[WhiteElo "1382"]
[BlackElo "1901"]
[PlyCount "56"]
[EventDate "2015.??.??"]

1. d4 d5 2. Nf3 Nf6 3. h3 Nc6 4. e3 Bd7 5. c4 e6 6. Be2 Bd6 7. O-O O-O 8. Re1
Ne7 9. c5 Nf5 10. cxd6 cxd6 11. Bd3 Re8 12. Bxf5 exf5 13. Nc3 Rc8 14. Nd2 Rc7
15. f3 Bc6 16. a4 Nh5 17. Nb5 Rce7 18. Nf1 Re6 19. f4 Nxf4 20. Qf3 Re4 21. Bd2
Nd3 22. Ng3 Nxe1 23. Rxe1 R4e6 24. Nxf5 Rf6 25. g4 g6 26. Qg3 gxf5 27. Qh4 fxg4
28. e4 Rf1+ 0-1

[Event "Ogolnopolski Turniej Fianchetto"]
[Site "Jastrzebia Gora"]
[Date "2015.??.??"]
[Round "1.14"]
[White "Barnowski, Sylwester"]
[Black "Pilecki, Jozef"]
[Result "1-0"]
[WhiteElo "1893"]
[BlackElo "1371"]
[PlyCount "21"]
[EventDate "2015.??.??"]

1. e4 e5 2. d4 Bd6 3. Nf3 Nc6 4. d5 Bc5 5. dxc6 dxc6 6. Qxd8+ Kxd8 7. Nxe5 Be6
8. Bc4 Ke7 9. Bxe6 Kxe6 10. Nd3 Nf6 11. Nxc5+ 1-0

[Event "Ogolnopolski Turniej Fianchetto"]
[Site "Jastrzebia Gora"]
[Date "2015.??.??"]
[Round "1.15"]
[White "Jurkiewicz, Kazimierz"]
[Black "Krawcewicz, Lucyna"]
[Result "0-1"]
[WhiteElo "1336"]
[BlackElo "1874"]
[PlyCount "32"]
[EventDate "2015.??.??"]

1. d4 d5 2. Bf4 Nf6 3. h3 e6 4. c4 c5 5. e3 Qb6 6. b3 Be7 7. Nf3 O-O 8. Be2 Nc6
9. O-O Ne4 10. Qc2 Bd7 11. Nbd2 f5 12. Rfb1 Rac8 13. a3 cxd4 14. Nxe4 fxe4 15.
Nxd4 Nxd4 16. exd4 Rxf4 0-1

[Event "Ogolnopolski Turniej Fianchetto"]
[Site "Jastrzebia Gora"]
[Date "2015.??.??"]
[Round "1.16"]
[White "Les, Czeslaw"]
[Black "Grabarczyk, Edmund"]
[Result "1-0"]
[WhiteElo "1874"]
[BlackElo "1284"]
[PlyCount "75"]
[EventDate "2015.??.??"]

1. d4 Nf6 2. Nf3 e6 3. c4 c5 4. d5 b5 5. Nc3 b4 6. Na4 exd5 7. cxd5 d6 8. e3
Ba6 9. Bxa6 Nxa6 10. O-O Nc7 11. e4 Be7 12. Re1 O-O 13. b3 h6 14. Nb2 Nb5 15.
Nc4 Nd7 16. Bb2 Bf6 17. Bxf6 Qxf6 18. h3 Rfe8 19. Rc1 Nc3 20. Qc2 Qf4 21. Ncd2
Ne5 22. Nh2 a5 23. g3 Qf6 24. f4 Ng6 25. Nhf3 Nxf4 26. gxf4 Qxf4 27. Kg2 g5 28.
Nh2 h5 29. Rf1 Qe3 30. Rf3 Qe2+ 31. Rf2 Qe3 32. Nhf1 Qd4 33. Ng3 g4 34. Rcf1
gxh3+ 35. Kxh3 Qg7 36. Nf5 Qg4+ 37. Kh2 Kh8 38. Rg2 1-0

[Event "Ogolnopolski Turniej Fianchetto"]
[Site "Jastrzebia Gora"]
[Date "2015.??.??"]
[Round "1.17"]
[White "Szynwelski, Ryszard"]
[Black "Czech, Mieczyslaw"]
[Result "1/2-1/2"]
[WhiteElo "1275"]
[BlackElo "1860"]
[PlyCount "83"]
[EventDate "2015.??.??"]

1. e4 g6 2. Nf3 Bg7 3. d4 d6 4. Bc4 Nf6 5. Nc3 c6 6. O-O O-O 7. Bg5 b5 8. Bd3
a6 9. Qd2 Re8 10. Ne2 Qc7 11. h3 Nbd7 12. Bh6 Bh8 13. c3 e5 14. Rad1 exd4 15.
cxd4 Nxe4 16. Qc2 Ndf6 17. Bf4 Bb7 18. Ng3 Nxg3 19. Bxg3 Re7 20. Qc3 Rae8 21.
Bc2 Ne4 22. Bxe4 Rxe4 23. Qc1 h6 24. b3 Kh7 25. Rd3 Qe7 26. Rdd1 Qf6 27. d5 c5
28. a3 a5 29. Rfe1 Rxe1+ 30. Rxe1 Rxe1+ 31. Qxe1 Bxd5 32. Qxa5 Bxb3 33. Qxb5
Qa1+ 34. Kh2 Qxa3 35. Bxd6 Bd5 36. Bxc5 Qa8 37. Qe2 Bxf3 38. gxf3 Qd5 39. Be3
Be5+ 40. Kg2 Kg7 41. Qd2 Qxd2 42. Bxd2 1/2-1/2

[Event "Ogolnopolski Turniej Fianchetto"]
[Site "Jastrzebia Gora"]
[Date "2015.??.??"]
[Round "1.18"]
[White "Relidzynski, Tadeusz"]
[Black "Kudlacik, Jan"]
[Result "1-0"]
[WhiteElo "1833"]
[BlackElo "1274"]
[PlyCount "91"]
[EventDate "2015.??.??"]

1. e4 e5 2. Nf3 Nc6 3. Bb5 Nge7 4. c3 a6 5. Ba4 h6 6. O-O d6 7. h3 Bd7 8. d4
Ng6 9. Re1 Be7 10. Nbd2 b5 11. Bb3 O-O 12. Nf1 Na5 13. Bc2 c6 14. Ng3 Nb7 15.
Nf5 Kh7 16. Be3 Bf6 17. Qd2 Rh8 18. Rad1 Be8 19. g3 Qc7 20. Kg2 Rd8 21. Nh2 h5
22. Qe2 Kg8 23. Nf3 exd4 24. cxd4 Bd7 25. Bg5 Bxg5 26. Nxg5 Be6 27. b3 Nf8 28.
h4 Re8 29. Qf3 g6 30. Ne3 Nh7 31. Nxh7 Rxh7 32. d5 Bd7 33. Bb1 c5 34. Qf6 Qd8
35. Qxd8 Rxd8 36. f4 Kh8 37. Kf3 f6 38. f5 Rg7 39. fxg6 Bg4+ 40. Nxg4 hxg4+ 41.
Kxg4 Rxg6+ 42. Kh3 Rdg8 43. Re3 Rg4 44. Rf1 R4g6 45. e5 fxe5 46. Bxg6 1-0

[Event "Ogolnopolski Turniej Fianchetto"]
[Site "Jastrzebia Gora"]
[Date "2015.??.??"]
[Round "1.19"]
[White "Wojciechowski, Tomasz"]
[Black "Karolak, Jan"]
[Result "1/2-1/2"]
[WhiteElo "1265"]
[BlackElo "1832"]
[PlyCount "39"]
[EventDate "2015.??.??"]

1. e4 Nf6 2. e5 Nd5 3. d4 d6 4. Nf3 Bg4 5. h3 Bh5 6. Bc4 Nb6 7. g4 Bg6 8. Bd3
Nc6 9. Nc3 dxe5 10. dxe5 Nb4 11. Bxg6 hxg6 12. Qe2 Qd7 13. a3 N4d5 14. Nxd5
Qxd5 15. Bd2 O-O-O 16. O-O-O Qa2 17. c3 f6 18. Be3 e6 19. Rxd8+ Kxd8 20. Qd3+
1/2-1/2

[Event "Ogolnopolski Turniej Fianchetto"]
[Site "Jastrzebia Gora"]
[Date "2015.??.??"]
[Round "1.20"]
[White "Mettel, Werner"]
[Black "Budnik, Kazimierz"]
[Result "1/2-1/2"]
[WhiteElo "1824"]
[BlackElo "1250"]
[PlyCount "76"]
[EventDate "2015.??.??"]

1. e4 c5 2. Nc3 Nc6 3. f4 e6 4. Nf3 d6 5. Bb5 Bd7 6. O-O a6 7. Bxc6 Bxc6 8. d3
Nf6 9. Kh1 Be7 10. Qe1 O-O 11. Bd2 b5 12. a3 a5 13. Qg3 Kh8 14. Qh3 Bd7 15. Qg3
Rg8 16. e5 Nh5 17. Qf2 dxe5 18. Nxe5 Be8 19. Qf3 f6 20. Nc6 Bxc6 21. Qxc6 b4
22. Ne4 f5 23. Nf2 Qd5 24. Qb5 Bd6 25. Nh3 h6 26. Qd7 Nf6 27. Qf7 e5 28. Qg6
Nh7 29. Qxf5 Raf8 30. Qg4 Rf6 31. axb4 cxb4 32. Qf3 Qf7 33. Rxa5 exf4 34. Ra8
g5 35. Rxg8+ Qxg8 36. Qe4 Re6 37. Qc4 Nf6 38. Bxb4 Ng4 1/2-1/2

[Event "Ogolnopolski Turniej Fianchetto"]
[Site "Jastrzebia Gora"]
[Date "2015.??.??"]
[Round "1.21"]
[White "Gackowski, Marian"]
[Black "Najdzionek, Boleslaw"]
[Result "0-1"]
[WhiteElo "1223"]
[BlackElo "1818"]
[PlyCount "62"]
[EventDate "2015.??.??"]

1. d4 Nf6 2. Bg5 d5 3. Bxf6 exf6 4. e3 Bd6 5. c4 dxc4 6. Bxc4 O-O 7. Nc3 c6 8.
Nge2 Bg4 9. a3 Nd7 10. Rc1 Qe7 11. O-O Nb6 12. Ba2 Rad8 13. Qc2 Bb8 14. e4 Qc7
15. f4 Rfe8 16. Rcd1 Re7 17. h3 Be6 18. b3 g6 19. Rf3 f5 20. Bb1 fxe4 21. Nxe4
Nd5 22. Rdf1 Bf5 23. N2g3 Bxe4 24. Nxe4 Rde8 25. Qc1 Rxe4 26. Bxe4 Rxe4 27. Re1
Qe7 28. Rff1 Bxf4 29. Rxe4 Qxe4 30. Qa1 Be3+ 31. Kh1 Bxd4 0-1

[Event "Ogolnopolski Turniej Fianchetto"]
[Site "Jastrzebia Gora"]
[Date "2015.??.??"]
[Round "1.22"]
[White "Kubin, Aleksander"]
[Black "Nasalski, Leon"]
[Result "1-0"]
[WhiteElo "1812"]
[BlackElo "1141"]
[PlyCount "58"]
[EventDate "2015.??.??"]

1. e4 e5 2. Nc3 d5 3. Nxd5 c6 4. Nc3 Nf6 5. Bc4 Bc5 6. Nf3 O-O 7. d3 b5 8. Bb3
Ng4 9. O-O Qb6 10. Qe2 Nxf2 11. Rxf2 Bxf2+ 12. Qxf2 b4 13. Qxb6 axb6 14. Na4 b5
15. Nb6 Ra7 16. Nxe5 g6 17. Be3 Rb7 18. Nxc8 Rxc8 19. Rf1 Rcc7 20. Bc5 Kg7 21.
Bxb4 c5 22. Bc3 f6 23. Ng4 h5 24. Nxf6 c4 25. Ne8+ Kh7 26. Nxc7 Rxc7 27. dxc4
bxc4 28. Be5 Rb7 29. Bxc4 Rxb2 1-0

[Event "Ogolnopolski Turniej Fianchetto"]
[Site "Jastrzebia Gora"]
[Date "2015.??.??"]
[Round "1.23"]
[White "Krupecka-czarkowska, Danuta"]
[Black "Przybyl, Jozef"]
[Result "0-1"]
[WhiteElo "1091"]
[BlackElo "1801"]
[PlyCount "56"]
[EventDate "2015.??.??"]

1. e3 e5 2. d3 d5 3. Nf3 Bd6 4. Be2 Ne7 5. Nc3 c6 6. e4 d4 7. Na4 b5 8. Nc5
Bxc5 9. Nxe5 O-O 10. Nf3 Ng6 11. Bd2 Bb6 12. b4 Nd7 13. a3 Nde5 14. Bg5 Nxf3+
15. Bxf3 Qxg5 16. h3 Ne5 17. h4 Qe7 18. h5 h6 19. Be2 f5 20. f4 Ng4 21. Qb1
fxe4 22. Qb3+ Be6 23. Qb1 exd3 24. cxd3 Rxf4 25. g3 Rf6 26. Qc2 Ne3 27. Qxc6
Bd5 28. Qxa8+ Bxa8 0-1

[Event "Ogolnopolski Turniej Fianchetto"]
[Site "Jastrzebia Gora"]
[Date "2015.??.??"]
[Round "1.24"]
[White "Schils, Heinz"]
[Black "Flis, Jozef"]
[Result "1-0"]
[WhiteElo "1797"]
[BlackElo "1070"]
[PlyCount "23"]
[EventDate "2015.??.??"]

1. d4 d5 2. Nf3 c6 3. Nbd2 f6 4. e4 dxe4 5. Nxe4 Nd7 6. Bc4 h6 7. Nh4 Nb6 8.
Qh5+ Kd7 9. Bxg8 Rxg8 10. Qf7 Rh8 11. Nc5+ Kc7 12. Bf4+ 1-0

[Event "Ogolnopolski Turniej Fianchetto"]
[Site "Jastrzebia Gora"]
[Date "2015.??.??"]
[Round "1.1"]
[White "Olszewski, Jerzy"]
[Black "Kaukiel, Piotr"]
[Result "0-1"]
[WhiteElo "1681"]
[BlackElo "2198"]
[PlyCount "66"]
[EventDate "2015.??.??"]

1. e4 c5 2. g3 Nc6 3. Bg2 g6 4. Ne2 Bg7 5. O-O d6 6. c4 h5 7. h3 Bd7 8. Nbc3
Nf6 9. d3 Qc8 10. Kh2 h4 11. g4 Bxg4 12. hxg4 Nxg4+ 13. Kh1 h3 14. Bf3 Nge5 15.
Nf4 Qd7 16. Nfd5 e6 17. Ne3 O-O-O 18. Ng4 Nxf3 19. Qxf3 f5 20. Nh2 Bf6 21. Rg1
Rdg8 22. Be3 g5 23. Rab1 g4 24. Qe2 Be5 25. Nxg4 fxg4 26. Rxg4 Bxc3 27. bxc3
Rxg4 28. Qxg4 Ne5 29. Qe2 Rg8 30. f4 Rg2 31. Qh5 Nxd3 32. Qf3 Qg7 33. e5 Rg3
0-1

[Event "Ogolnopolski Turniej Fianchetto"]
[Site "Jastrzebia Gora"]
[Date "2015.??.??"]
[Round "2.2"]
[White "Krawcewicz, Lucyna"]
[Black "Bakalarz, Leszek"]
[Result "1/2-1/2"]
[WhiteElo "1874"]
[BlackElo "2124"]
[PlyCount "116"]
[EventDate "2015.??.??"]

1. d4 Nf6 2. Nf3 c5 3. c4 cxd4 4. Nxd4 Nc6 5. Nc3 e6 6. a3 d5 7. e3 Be7 8. Be2
O-O 9. O-O e5 10. Nf3 Be6 11. cxd5 Nxd5 12. Qc2 Qc7 13. Nxd5 Bxd5 14. e4 Be6
15. b4 Rac8 16. Be3 Qb8 17. Qb2 f6 18. Rac1 b5 19. Bc5 Qb7 20. Rfd1 a6 21. Be3
Rfd8 22. Rxd8+ Bxd8 23. h3 Bb6 $11 24. Bxb6 Qxb6 25. Rc5 Ne7 26. Rxc8+ Nxc8 27.
Qc3 Nd6 28. Nd2 Kf7 29. Kf1 Ke7 30. Ke1 Kd7 31. Bd3 g5 32. Bc2 Bc4 33. Bd3 Be6
34. Bc2 h5 35. Bd1 g4 36. hxg4 hxg4 37. g3 Qd4 38. Qxd4 exd4 39. f3 gxf3 40.
Bxf3 Nf7 41. Bd1 Ng5 42. a4 Kd6 43. axb5 axb5 44. Be2 Bd7 45. Bd3 Ke5 46. Kf2
Bc6 47. Ke2 Bxe4 48. Bxb5 f5 49. Ba6 Bd5 50. Bc4 Bh1 51. b5 Bb7 52. Nb3 Bf3+
53. Kf2 Bb7 54. Bd3 Ne4+ 55. Ke1 Nd6 56. Ke2 Bc8 57. b6 Bb7 58. Na5 Bd5 1/2-1/2

[Event "Ogolnopolski Turniej Fianchetto"]
[Site "Jastrzebia Gora"]
[Date "2015.??.??"]
[Round "2.3"]
[White "Mackowiak, Marek"]
[Black "Relidzynski, Tadeusz"]
[Result "1-0"]
[WhiteElo "2123"]
[BlackElo "1833"]
[PlyCount "70"]
[EventDate "2015.??.??"]

1. c4 e5 2. Nc3 Nf6 3. g3 d5 4. cxd5 Nxd5 5. Bg2 Nb6 6. Nf3 Nc6 7. O-O Be7 8.
e3 O-O 9. d4 f6 10. Qb3+ Kh8 11. Rd1 Qe8 12. a4 a5 13. Nb5 Bd8 14. d5 Nb4 15.
e4 Bd7 16. Nc3 c6 17. Be3 cxd5 18. exd5 Rc8 19. Nd2 Bg4 20. f3 Bf5 21. Nde4 Qe7
22. Rac1 Nc4 23. Bc5 Rxc5 24. d6 Qe6 25. Nxc5 Bb6 26. N3e4 Bxe4 27. Qxc4 Bd5
28. Qb5 Qxd6 29. Kh1 Bxc5 30. Rxc5 Rd8 31. Rcxd5 Nxd5 32. f4 Qc6 33. Bxd5 Qxb5
34. axb5 exf4 35. gxf4 b6 1-0

[Event "Ogolnopolski Turniej Fianchetto"]
[Site "Jastrzebia Gora"]
[Date "2015.??.??"]
[Round "2.4"]
[White "Najdzionek, Boleslaw"]
[Black "Pioch, Zygmunt"]
[Result "0-1"]
[WhiteElo "1818"]
[BlackElo "2057"]
[PlyCount "74"]
[EventDate "2015.??.??"]

1. e4 e5 2. Nf3 Nc6 3. Bb5 a6 4. Ba4 Nf6 5. O-O Be7 6. Re1 b5 7. Bb3 O-O 8. c3
d6 9. h3 Nb8 10. d4 Nbd7 11. Nbd2 Bb7 12. Bc2 Re8 13. Nf1 Bf8 14. Ng3 g6 15.
Bg5 h6 16. Bd2 Bg7 17. Qc1 Kh7 18. a4 c5 19. d5 c4 20. b3 cxb3 21. Bxb3 Nc5 22.
Bc2 bxa4 23. Qa3 Nfd7 24. Bxa4 Nxa4 25. Qxa4 Nc5 26. Qa3 Qc7 27. Reb1 Qd7 28.
Be3 Rec8 29. Rb6 Rc7 30. Rab1 Bc8 31. Nd2 Bf8 32. c4 f5 33. exf5 gxf5 34. f4 e4
35. Ne2 Qf7 36. Nd4 Qg6 37. Rc6 Rg7 0-1

[Event "Ogolnopolski Turniej Fianchetto"]
[Site "Jastrzebia Gora"]
[Date "2015.??.??"]
[Round "2.5"]
[White "Pojedziniec, Wladyslaw"]
[Black "Kubin, Aleksander"]
[Result "1-0"]
[WhiteElo "2048"]
[BlackElo "1812"]
[PlyCount "65"]
[EventDate "2015.??.??"]

1. d4 f5 2. Bg5 Nf6 3. Bxf6 exf6 4. e3 Be7 5. Bd3 d5 6. Ne2 O-O 7. c4 dxc4 8.
Bxc4+ Kh8 9. Nbc3 Nd7 10. Bd3 Nb6 11. Qc2 g6 12. h4 Kg7 13. h5 c5 14. dxc5 Bxc5
15. hxg6 hxg6 16. O-O-O Qe7 17. g4 Bd7 18. gxf5 g5 19. Kb1 Rac8 20. Nf4 Bb4 21.
Ng6 Qf7 22. Nxf8 Qxf8 23. Rc1 Nd5 24. Qb3 Bxc3 25. bxc3 Bc6 26. Rh3 Nb6 27. e4
Ba4 28. Qb4 Qxb4+ 29. cxb4 Rxc1+ 30. Kxc1 Nd7 31. Be2 Ne5 32. b5 Nf7 33. Ra3
1-0

[Event "Ogolnopolski Turniej Fianchetto"]
[Site "Jastrzebia Gora"]
[Date "2015.??.??"]
[Round "2.6"]
[White "Przybyl, Jozef"]
[Black "Chojnowski, Marcin"]
[Result "1-0"]
[WhiteElo "1801"]
[BlackElo "2033"]
[PlyCount "56"]
[EventDate "2015.??.??"]

1. e4 c5 2. Nc3 a6 3. g3 Nc6 4. Bg2 d6 5. d3 e5 6. Nge2 f5 7. exf5 Bxf5 8. f4
Nf6 9. O-O g6 10. Nd5 Nxd5 11. Bxd5 Bh3 12. Bg2 Qd7 13. Nc3 O-O-O 14. fxe5 dxe5
15. Be3 Nd4 16. Bxh3 Qxh3 17. Bxd4 exd4 18. Ne4 Bh6 19. Qf3 Rhf8 20. Qg2 Qh5
21. Rxf8 Bxf8 22. Rf1 Be7 23. Qf3 Qxf3 24. Rxf3 Rf8 25. Kg2 Kd7 26. g4 Rxf3 27.
Kxf3 Ke6 28. Kf4 h6 {...61} 1-0

[Event "Ogolnopolski Turniej Fianchetto"]
[Site "Jastrzebia Gora"]
[Date "2015.??.??"]
[Round "2.7"]
[White "Wojcieszyn, Zdzislaw"]
[Black "Schils, Heinz"]
[Result "1-0"]
[WhiteElo "1982"]
[BlackElo "1797"]
[PlyCount "29"]
[EventDate "2015.??.??"]

1. c4 f5 2. d4 Nf6 3. Nf3 d6 4. Nc3 g6 5. g3 Bg7 6. Bg2 O-O 7. O-O e6 8. Re1
Nbd7 9. Ng5 Re8 10. e4 c6 11. exf5 exf5 12. Ne6 Qe7 13. Bf4 Nf8 14. Nxg7 Qxg7
15. Bxd6 1-0

[Event "Ogolnopolski Turniej Fianchetto"]
[Site "Jastrzebia Gora"]
[Date "2015.??.??"]
[Round "2.8"]
[White "Zminda, Bogdan"]
[Black "Skladzien, Romuald"]
[Result "1/2-1/2"]
[WhiteElo "1944"]
[BlackElo "1762"]
[PlyCount "34"]
[EventDate "2015.??.??"]

1. e4 d6 2. d4 Nf6 3. Nc3 g6 4. Bg5 Bg7 5. f3 Nbd7 6. Qd2 c5 7. d5 a6 8. a4 Qa5
9. Ra3 h6 10. Be3 Ne5 11. h4 Bd7 12. Nh3 O-O-O 13. Nb1 Qxd2+ 14. Nxd2 Nh5 15.
Bf2 f5 16. exf5 gxf5 17. c3 e6 1/2-1/2